Historia de la cerámica de Alcora (Record no. 4514)
[ view plain ]
| 000 -CABECERA | |
|---|---|
| campo de control de longitud fija | 01005nam a2200265 a 4500 |
| 001 - NÚMERO DE CONTROL | |
| campo de control | BRCA_4818 |
| 005 - FECHA Y HORA DE LA ÚLTIMA TRANSACCIÓN | |
| campo de control | 20190320204823.0 |
| 008 - DATOS DE LONGITUD FIJA--INFORMACIÓN GENERAL | |
| campo de control de longitud fija | 251108s1945----sp-a######---#000-0#spa-u |
| 041 ## - CÓDIGO DE LENGUA | |
| Código de lengua del texto/banda sonora o título independiente | spa |
| 044 ## - CÓDIGO DEL PAÍS DE LA ENTIDAD EDITORA/PRODUCTORA | |
| Código MARC del país | sp |
| 050 #4 - SIGNATURA TOPOGRÁFICA DE LA BIBLIOTECA DEL CONGRESO | |
| Número de clasificación | NK4124 |
| Número de documento/Ítem | .E83 2 1945 |
| 100 1# - ENTRADA PRINCIPAL--NOMBRE DE PERSONA | |
| Nombre de persona | Escrivá de Romani y de la Quintana, Manuel |
| Títulos y otros términos asociados al nombre | Conde de Casal |
| 9 (RLIN) | 12213 |
| 245 10 - MENCIÓN DE TÍTULO | |
| Título | Historia de la cerámica de Alcora |
| Resto del título | estudio crítico de la fábrica. Recetas originales de sus mas afamados artífices. Antiguos reglamentos de la misma |
| Mención de responsabilidad, etc. | por Manuel Escrivá de Romani y de la Quintana. |
| 250 ## - MENCIÓN DE EDICIÓN | |
| Mención de edición | 2 |
| 260 ## - PUBLICACIÓN, DISTRIBUCIÓN, ETC. | |
| Lugar de publicación, distribución, etc. | Madrid |
| Nombre del editor, distribuidor, etc. | Aldus |
| Fecha de publicación, distribución, etc. | 1945 |
| 300 ## - DESCRIPCIÓN FÍSICA | |
| Extensión | 400 p. |
| Otras características físicas | il., 90 láminas |
| Dimensiones | 27 cm. |
| 500 ## - NOTA GENERAL | |
| Nota general | En la portada: Consejo Superior de Investigaciones Científicas. Instituto Diego Velázquez. |
| 500 ## - NOTA GENERAL | |
| Nota general | Estado físico: Sobrecubierta deteriorada |
| 500 ## - NOTA GENERAL | |
| Nota general | Ejemplar igual a A13 |
| 500 ## - NOTA GENERAL | |
| Nota general | CFG69 |
| 650 14 - PUNTO DE ACCESO ADICIONAL DE MATERIA--TÉRMINO DE MATERIA | |
| Término de materia o nombre geográfico como elemento de entrada | Cerámica |
| Subdivisión geográfica | Alcora, España |
| 9 (RLIN) | 7257 |
| 650 14 - PUNTO DE ACCESO ADICIONAL DE MATERIA--TÉRMINO DE MATERIA | |
| Término de materia o nombre geográfico como elemento de entrada | Cerámica |
| Subdivisión general | Historia |
| Subdivisión geográfica | España |
| 9 (RLIN) | 2051 |
| 902 ## - CATALOGADOR | |
| Iniciales | GFM |
| 942 ## - ELEMENTOS DE PUNTO DE ACCESO ADICIONAL (KOHA) | |
| Fuente del sistema de clasificación o colocación | Library of Congress Classification |
| Tipo de ítem Koha | Libros |
| Estado de retiro | Estado de pérdida | Estado dañado | No para préstamo | Localización permanente | Ubicación/localización actual | Fecha de adquisición | Número de inventario | Total de préstamos | Signatura topográfica completa | Código de barras | Fecha visto por última vez | Precio válido a partir de | Tipo de ítem Koha |
|---|---|---|---|---|---|---|---|---|---|---|---|---|---|
| El ejemplar forma parte de la colección y puede ser consultado según las políticas vigentes. | Biblioteca del Museo Franz Mayer (Rogerio Casas-Alatriste) | Biblioteca del Museo Franz Mayer (Rogerio Casas-Alatriste) | 12/10/2010 | CFG69 | NK4124 .E83 2 1945 (CFG69) | 4851 | 22/03/2019 | 22/03/2019 | Libros |